Online
Catalog

José Juan Arrom y la búsqueda de nuestras raíces / (Record no. 50091)

MARC details
000 -CABECERA
campo de control de longitud fija 01488nam a2200301 i 4500
003 - IDENTIFICADOR DEL NÚMERO DE CONTROL
campo de control DO-SdBNP
005 - FECHA Y HORA DE LA ÚLTIMA TRANSACCIÓN
campo de control 20240527155317.0
007 - CAMPO FIJO DE DESCRIPCIÓN FÍSICA--INFORMACIÓN GENERAL
campo de control de longitud fija ta
008 - DATOS DE LONGITUD FIJA--INFORMACIÓN GENERAL
campo de control de longitud fija 210712e2013 dr ac||er|||| 001 e spa d
020 ## - NÚMERO INTERNACIONAL ESTÁNDAR DEL LIBRO
Número Internacional Estándar del Libro 9789591107268
040 ## - FUENTE DE LA CATALOGACIÓN
Centro catalogador/agencia de origen DO-SdBNP
Lengua de catalogación spa
Centro/agencia transcriptor BNPHU
Normas de descripción rda
082 #4 - NÚMERO DE LA CLASIFICACIÓN DECIMAL DEWEY
Número de documento/Ítem J83J, 2013
Número de edición 22
245 00 - MENCIÓN DE TÍTULO
Título José Juan Arrom y la búsqueda de nuestras raíces /
Mención de responsabilidad, etc. selección y coordinación, Jorge Ulloa Hung , Julio Corbea Calzado ; edición, Orestes Solís Yero
250 ## - MENCIÓN DE EDICIÓN
Mención de edición segunda edición
264 ## - PRODUCCIÓN, PUBLICACIÓN, DISTRIBUCIÓN, FABRICACIÓN Y COPYRIGHT
Producción, publicación, distribución, fabricación y copyright Santo Domingo :
Nombre del de productor, editor, distribuidor, fabricante Fundación García Arévalo,
-- Oriente,
Fecha de producción, publicación, distribución, fabricación o copyright 2013.
300 ## - DESCRIPCIÓN FÍSICA
Extensión 218 páginas :
Otras características físicas ilustraciones y retratos ;
Dimensiones 23 cm.
336 ## - TIPO DE CONTENIDO
Fuente rdacontent
Término de tipo de contenido texto
Código de tipo de contenido txt
337 ## - TIPO DE MEDIO
Fuente rdamedia
Nombre/término del tipo de medio sin mediación
Código del tipo de medio n
338 ## - TIPO DE SOPORTE
Fuente rdacarrier
Nombre/término del tipo de soporte volumen
Código del tipo de soporte nc
500 ## - NOTA GENERAL
Nota general Incluye referencias bibliográficas y notas al pie de las páginas
505 00 - NOTA DE CONTENIDO CON FORMATO
Nota de contenido con formato "Lo bueno siempre queda" /
Mención de responsabilidad Jorge Ulloa Hung--
Título Ensayos de José Juan Arrom--
-- Dossier--
-- García Arévalo--
-- José Juan Arrom y la formación de una conciencia antillana--
Mención de responsabilidad Manuel García Arévalo--
Título José Juan Arrom, maestro--
Mención de responsabilidad Olga Portuondo Zúñiga.--
Título El Arrom que conocí: testimonio de una fecunda amistad /
Mención de responsabilidad Manuel García Arévalo.
590 ## - NOTA LOCAL (RLIN)
Nota local Inventariado 2024/ BT
700 1# - PUNTO DE ACCESO ADICIONAL--NOMBRE DE PERSONA
Nombre de persona Solís Yero, Orestes,
Término indicativo de función/relación edición
9 (RLIN) 79188
700 1# - PUNTO DE ACCESO ADICIONAL--NOMBRE DE PERSONA
9 (RLIN) 16015
Nombre de persona Ulloa Hung, Jorge,
Fechas asociadas al nombre 1965-
Término indicativo de función/relación selección y coordinación
700 1# - PUNTO DE ACCESO ADICIONAL--NOMBRE DE PERSONA
Nombre de persona Corbea Calzado, Julio,
Término indicativo de función/relación selelección y coordinación
9 (RLIN) 79189
910 ## - DATOS DE OPCIÓN DEL USUARIO (OCLC)
Datos de opción del usuario Btavárez
942 ## - ELEMENTOS DE PUNTO DE ACCESO ADICIONAL (KOHA)
Fuente del sistema de clasificación o colocación Dewey Decimal Classification
Tipo de ítem Koha Libro
Holdings
Estado de retiro Estado de pérdida Fuente del sistema de clasificación o colocación Restricciones de uso No para préstamo Código de colección Localización permanente Ubicación/localización actual Ubicación en estantería Fecha de adquisición Fuente de adquisición Total de préstamos Signatura topográfica completa Código de barras Fecha visto por última vez Precio válido a partir de Tipo de ítem Koha Número de copia Nota pública
    Dewey Decimal Classification Excluido de préstamo   Patrimonio Dominicano Biblioteca Nacional Pedro Henríquez Ureña Biblioteca Nacional Pedro Henríquez Ureña En catalogación 23.02.2018 Depósito Legal   BNPHU PD J83J, 2013 2021-25078 12.07.2021 12.07.2021 Libro e.2  
    Dewey Decimal Classification Préstamo en sala   Dominicana de Servicio Biblioteca Nacional Pedro Henríquez Ureña Biblioteca Nacional Pedro Henríquez Ureña En catalogación 27.05.2024 Donación   BNPHU DS J83J, 2013 2024-3177 27.05.2024 27.05.2024 Libro e.3 Perteneció a la biblioteca personal de Emilio Cordero Michel.
    Dewey Decimal Classification Excluido de préstamo   Patrimonio Dominicano Biblioteca Nacional Pedro Henríquez Ureña Patrimonio Dominicano En catalogación 23.02.2018 Depósito Legal   BNPHU PD J83J, 2013 2021-25077 12.07.2021 12.07.2021 Libro    

Powered by Koha